000 00192nam a2200085Ia 4500
008 170620s9999 xx 000 0 und d
100 _aDas-S.C
245 0 _aElementary Statics
260 _bNew Delhi- NCERT
260 _c1978
999 _c25183
_d25183